|
|
|
|
| LEADER |
00000nam0a2200000 4500 |
| 001 |
145511 |
| 005 |
20231031144113.0 |
| 010 |
|
|
|a 5714001125
|
| 035 |
|
|
|a (RuTPU)RU\TPU\book\157717
|
| 090 |
|
|
|a 145511
|
| 100 |
|
|
|a 20081017d1991 m y0rusy50 ca
|
| 101 |
0 |
|
|a rus
|
| 102 |
|
|
|a RU
|
| 105 |
|
|
|a a z 001zy
|
| 200 |
1 |
|
|a Фридерик Шопен
|f И. Ф. Бэлза
|
| 210 |
|
|
|a Москва
|c Музыка
|d 1991
|
| 215 |
|
|
|a 141 с.
|c ил.
|
| 320 |
|
|
|a Библиогр.: с. 139.
|
| 600 |
|
1 |
|a Шопен
|g Фредерик
|f 1810-1849
|c польский композитор
|c пианист
|b Ф.
|2 stltpush
|3 (RuTPU)RU\TPU\pers\513
|
| 610 |
1 |
|
|a музыка
|
| 610 |
1 |
|
|a 19 век
|
| 610 |
1 |
|
|a творчество
|
| 675 |
|
|
|a 78.071.1(092)
|v 3
|
| 700 |
|
1 |
|a Бэлза
|b И. Ф.
|g Игорь Федорович
|
| 801 |
|
1 |
|a RU
|b 63413507
|c 20081017
|g PSBO
|
| 801 |
|
2 |
|a RU
|b 63413507
|c 20090507
|g PSBO
|
| 942 |
|
|
|c BK
|